[Event "Canadian op"]
[Site "Edmonton"]
[Date "2005.07.15"]
[Round "8"]
[White "Sagert, David"]
[Black "Corsmeier, Tom"]
[Result "1-0"]
[WhiteElo "1810"]
[BlackElo "1598"]
[PlyCount "109"]
[EventDate "2005.07.09"]
[EventType "swiss"]
[EventRounds "10"]
[EventCountry "CAN"]
[SourceTitle "CBM 107 Extra"]
[Source "ChessBase"]
[SourceDate "2005.09.01"]
[SourceVersion "1"]
[SourceVersionDate "2005.09.01"]
[SourceQuality "1"]

1. Nf3 e6 2. c4 f5 3. e3 Nf6 4. d4 d5 5. Nc3 c6 6. Bd3 Bd6 7. h3 0-0 8. Ne5 Ne4 9. Bxe4 fxe4 10. cxd5 exd5 11. Bd2 Qg5 12. Qe2 Nd7 13. f4 Qh4+ 14. Kd1 Nxe5 15. dxe5 Bc7 16. Kc2 b5 17. g4 Qe7 18. Rac1 a5 19. a4 bxa4 20. Nxa4 Ba6 21. Qg2 Bd3+ 22. Kd1 Bc4 23. Rxc4 dxc4 24. Qxe4 Qe6 25. Nc5 Qd5 26. Qxd5+ cxd5 27. Bc3 Bb6 28. Bd4 a4 29. Ne6 Rfb8 30. Rh2 Bxd4 31. Nxd4 a3 32. bxa3 Rxa3 33. Nc2 Rb1+ 34. Kd2 Ra2 35. Kc3 Rb3+ 36. Kd4 Rd3+ 37. Kc5 Rd1 38. Re2 Kf7 39. e6+ Ke7 40. f5 Rh1 41. e4 dxe4 42. Rd2 Rxc2 43. Rxc2 Rxh3 44. Rxc4 e3 45. Re4 Rg3 46. Kd4 e2 47. Ke5 Rxg4 48. Rxe2 Rg1 49. Re4 g5 50. f6+ Ke8 51. Kf5 g4 52. Rb4 Rf1+ 53. Kg5 Rd1 54. Rb8+ Rd8 55. f7+ 1-0